000 00923nam a2200229Ii 4500
003 JO-AjNU
008 230605s9999||||xx |||||||||||||| ||und||
017 _a1515/1980
040 _aJO-AjNU
_bara
_erda
_cJO-AjNU
041 _aara
050 1 4 _aKMJ683.3.K4236.1980
100 3 _aتأليف الخالد، خليل ابراهيم، م. مشارك ، مهدي محمد الازرى ,
_eauthor
_946930
245 0 0 _aتاريخ احكام الاراضي في العراق
250 _a(د،ط)
264 3 1 _aبغداد : دار الرشيد للنشر ، 1980
300 _a366ص
336 _atext
_btxt
_2rdacontent
337 _aunmediated
_bn
_2rdamedia
338 _avolume
_bnc
_2rdacarrier
490 0 _aمنشورات وزارة الثقافة والإعلام (العراق) ؛ سلسلة دراسات (222 )
650 4 _aملكية الأراضي -- قوانين وتشريعات -- العراق 
_946931
999 _aA20452
_c24020
_d24020